000
00225 a2200097 4500
001
37960
100
_a
Schlesinger A
245
_a
The politics of upheavals
260
_a
USA
_b
Houghton Mifflin
_c
1960
090
_c
24139
_d
24139
942
_a
NUST-CAE
_c
M
_c
15713
999
_c
273033
_d
273033